L'ultimo dei Mohicani /

Uloženo v:
Podrobná bibliografie
Hlavní autor: Cooper, James Fenimore (Autor)
Další autoři: Ottieri, Ottiero
Médium: Kniha
Jazyk:italština
Vydáno: [Bologna] : Euromeeting italiana/Mediasat group, [2003]
Edice:Biblioteca dei ragazzi ; 15
Tagy: Přidat tag
Žádné tagy, Buďte první, kdo vytvoří štítek k tomuto záznamu!

MARC

LEADER 00000nam a22000007i 4500
001 IT\ICCU\ANA\0108918
003 ItRI
005 20240807104029.0
008 030512s2003 it |||||| ||||| |||||c
020 |a 8888666168 
040 |b ita  |c CDM 
041 7 |a ita  |2 ISO-639-2 
082 |a 813  |2 12 
100 1 |a Cooper, James Fenimore  |0 IT\ICCU\CFIV\010278  |4 aut 
240 1 4 |a The last of the Mohicans  |9 Cooper, James Fenimore 
245 1 2 |a L'ultimo dei Mohicani /  |c James Fenimore Cooper ; traduzione di Ottiero Ottieri. 
260 |a [Bologna] :  |b Euromeeting italiana/Mediasat group,  |c [2003] 
300 |a 283 p. ;  |c 22 cm 
500 |a Ed. speciale alleg. a Il resto del carlino, La nazione, Il giorno, Onda tv magazine, Cavallo Magazine, Lo sperone. 
700 1 |a Ottieri, Ottiero  |0 IT\ICCU\CFIV\004301 
830 0 |a Biblioteca dei ragazzi ;  |v 15  |0 IT\ICCU\MOD\0771182 
942 |2 ddc  |c BK 
952 |0 0  |1 0  |2 ddc  |4 0  |6 813_000000000000000_COO_ULT  |7 1  |9 1791  |a RA  |b RA  |d 2024-08-07  |l 0  |o 813 COO ULT  |p 9388  |r 2024-08-07 10:50:42  |w 2024-08-07  |y BK 
981 1 |6 z01  |a i   |b xxxe  
982 1 |6 z01  |a n 
999 |c 1602  |d 1602